000 02223cam a2200325 a 4500
001 2573
005 20240103093101.0
020 _a0060517182 (pbk. : alk. paper)
020 _a0060518065 (lib. bdg. : alk. paper)
020 _a9780060517182
040 _aDLC
_cDLC
_dDLC
_beng
050 0 0 _aPS3600.A1
_bW47 2002
082 0 0 _a812/.04508358
_221
100 _aThoms, Annie
_eeditor
245 0 0 _aWith their eyes :
_bSeptember 11th, the view from a high school at ground zero /
_cedited by Annie Thoms ; created by Taresh Batra ... [et al.] ; photos by Ethan Moses
250 _aRevised edition, 2011
260 _aNew York :
_bCollins,
_c2002
300 _a245 pages :
_billustrations ; map;
_c19 cm
505 _aT
520 _aA collection of powerful essays in spoken word form remembering September 11, 2001, by high school students who witnessed the tragedy unfold. A New York Public Library Book for the Teen Age "Profound." --Booklist "Moving." --Publishers Weekly "Rings with authenticity and resonates with power." --School Library Journal Tuesday, September 11, started off like any other day at Stuyvesant High School, located only a few blocks away from the World Trade Center. The semester was just beginning, and the students, faculty, and staff were ready to start a new year. But within a few hours on that Tuesday morning, they would share an experience that would transform their lives--and the lives of all Americans. These powerful essays by the students of Stuyvesant High School remember those who were lost and those who were forced to witness this tragedy. Here, in their own words, are the firsthand stories of a day we will never forget. This collection helped shape the HBO documentary In the Shadow of the Towers: Stuvyesant High on 9/11.
521 _a800
_bLexile estimate
521 _aT
_bRaz-Plus
650 0 _aSeptember 11 Terrorist Attacks, 2001
_vDrama.
650 0 _aHigh school students
_zNew York (State)
_zNew York
_vDrama.
650 0 _aHigh school students' writings, American
_zNew York (State)
_zNew York.
650 0 _aVictims of terrorism
_vDrama.
700 1 _aMoses, Ethan
_ephotographer
906 _a7
_bcbc
_corignew
_d1
_eecip
_f20
_gy-gencatlg
942 _2ddc
_cBK
_n0
999 _c2573
_d2573